UBT Library

Understanding and using English grammar / (Record no. 39902)

000 -LEADER
fixed length control field 00686pam a2200217 a 4500
001 - CONTROL NUMBER
control field 1183257
005 - DATE AND TIME OF LATEST TRANSACTION
control field 20180109071806.0
008 - FIXED-LENGTH DATA ELEMENTS--GENERAL INFORMATION
fixed length control field 971201m19999999njua 001 0 eng
010 ## - LIBRARY OF CONGRESS CONTROL NUMBER
LC control number 97047425
020 ## - INTERNATIONAL STANDARD BOOK NUMBER
International Standard Book Number 013958661X
040 ## - CATALOGING SOURCE
Original cataloging agency DLC
Transcribing agency DLC
Modifying agency DLC
041 ## - LANGUAGE CODE
Language code of text/sound track or separate title eng
080 ## - UNIVERSAL DECIMAL CLASSIFICATION NUMBER
Universal Decimal Classification number 428.24 SCH
082 00 - DEWEY DECIMAL CLASSIFICATION NUMBER
Classification number 428.24 SCH
Edition number 21
100 1# - Rafti
Rafti 46
101 ## - Shkurtesa
Shkurtesa EDU
245 10 - TITLE STATEMENT
Title Understanding and using English grammar /
Statement of responsibility, etc Betty Schrampfer Azar.
906 ## - LOCAL DATA ELEMENT F, LDF (RLIN)
a 7
b cbc
c orignew
d 1
e ocip
f 19
g y-gencatlg
942 ## - ADDED ENTRY ELEMENTS (KOHA)
Source of classification or shelving scheme
Item type Books
Holdings
Withdrawn status Lost status Source of classification or shelving scheme Damaged status Not for loan Permanent location Current location Date acquired Total Checkouts Full call number Barcode Date last seen Price effective from Koha item type
          UBT - Lipjan UBT - Lipjan 01/09/2018   428.24 SCH 002-2995002 01/09/2018 01/09/2018 Books
UBT Library © 2015-2024. All rights reserved University Education for Business and Technology